000 00642nam a2200205Ii 4500
003 JO-AjNU
008 230605s9999||||xx |||||||||||||| ||und||
040 _aJO-AjNU
_bara
_erda
_cJO-AjNU
041 _aara
050 1 4 _aPJ7850 2004
100 3 _aتأليف الحافظ، ملك ,
_eauthor
_935204
245 0 0 _aومضات: قصص قصيرة جدا
250 _aط1
264 3 1 _aدمشق:دار غار حراء،2004
300 _a94ص
336 _atext
_btxt
_2rdacontent
337 _aunmediated
_bn
_2rdamedia
338 _avolume
_bnc
_2rdacarrier
650 4 _aالأدب العربي - قصص - القصة القصيرة
_935205
999 _aA14510
_c18078
_d18078